000 00255nam a2200109Ia 4500
005 20251222114412.0
008 251222s1900||||xx |||||||||||||| ||spa||
082 _aDVD0099/C38
245 0 _aSipán: el descubrimiento
264 _bExplora Films
942 _cDVD
999 _c2070
_d2070